He got hungry and forgot his manners : a fable /

Bibliographic Details
Main Author: Breslin, Jimmy
Format: Book
Language:English
Published: New York : Ticknor & Fields, 1988.

MARC

Tag First Indicator Second Indicator Subfields
LEADER 00000cam a22000008a 4500
001 in00000006964
005 20151004070020.0
008 870921s1988 nyu 00011 eng
010 |a  87027989  
020 |a 0899193110 :  |c $14.95 
035 |a (OCoLC)16901103 
035 |9 AAA1425AM 
040 |a DLC  |c DLC  |d TXA  |d UtOrBLW 
049 |a TXAM  |c [A12617844] 
050 0 0 |a PS3552.R39  |b H4 1988 
082 0 |a 813/.54  |2 19 
100 1 |a Breslin, Jimmy. 
245 1 0 |a He got hungry and forgot his manners :  |b a fable /  |c Jimmy Breslin. 
263 |a 8801 
264 1 |a New York :  |b Ticknor & Fields,  |c 1988. 
300 |a 275 pages 
336 |a text  |b txt  |2 rdacontent 
337 |a unmediated  |b n  |2 rdamedia 
338 |a volume  |b nc  |2 rdacarrier 
999 |a MARS 
999 f f |s b405ece9-a71c-33f3-a3fc-6b2878eac37c  |i 41455eea-9f90-3ac7-aa49-b2d06aa832c7  |t 0 
952 f f |p ric  |a Texas A&M University  |b Rellis Campus  |c Joint Library Facility  |d Remote Storage  |t 0  |e PS3552.R39 H4 1988  |h Library of Congress classification  |i unmediated -- volume  |m A14812617844 
998 f f |a PS3552.R39 H4 1988  |t 0  |l Remote Storage